000 01457cam a22004334a 4500
001 muse16334
003 MdBmJHUP
005 20210127150923.0
006 m o d
007 cr||||||||nn|n
008 010306s2001 utu o 00 0 eng d
010 _z 2001001474
020 _a9780874214222
020 _z0874214211 (alk. paper)
020 _z0874214203 (pbk. : alk. paper)
020 _a087421422X
020 _z9780874214208
035 _a(OCoLC)51952714
040 _aMdBmJHUP
_cMdBmJHUP
050 0 4 _aPS3613.C58
_bB6 2001
082 0 _a811/.6
_221
100 1 _aMcLeod, Stephen,
_d1957-
245 1 4 _aBorgo Of The Holy Ghost
_cby Stephen McLeod.
264 1 _bUtah State University Press,
264 3 _bProject MUSE,
300 _a1 online resource (x, 74 p.)
506 0 _aOpen Access
_fUnrestricted online access
_2star
588 _aDescription based on print version record.
655 7 _aElectronic books.
_2local
710 2 _aProject Muse.
_edistributor
830 0 _aBook collections on Project MUSE.
856 4 0 _zFull text available:
_uhttps://muse.jhu.edu/book/9256/
945 _aProject MUSE - Archive Poetry, Fiction and Creative Non-Fiction Foundation
945 _aProject MUSE - Archive Complete Foundation
999 _c23959
_d23959